| 000 | 01139nam a2200253Ia 4500 | ||
|---|---|---|---|
| 003 | Ost | ||
| 005 | 20260507075411.0 | ||
| 008 | 260507s9999||||xx |||||||||||||| ||und|| | ||
| 020 | _a5041428977 | ||
| 040 | _cfsecg | ||
| 041 | _aara | ||
| 082 | _a330 | ||
| 100 |
_aعلام، أحمد عبد السميع _eمؤلف |
||
| 245 | 0 |
_aعلم اقتصاديات النقل / _c أحمد عبد السميع علام |
|
| 260 |
_aالإسكندرية: _bدار الوفاء لدينا للنشر, _c2009 |
||
| 300 |
_a358 صفحة؛ _bإيضاحات ؛ _c25 سم |
||
| 504 | _aالمراجع ص.355 | ||
| 520 | _aيضم الإطار العام لدراسة اقتصاديات النقل، النقل البري، النقل بالسكة الحديدية، النقل البحري، النقل الجوي، تنظيمات الشحن والتفريغ، صناعة النقل في مصر، تسعير النقل، تسويق النقل، خصخصة وسائل النقل | ||
| 653 | _aاقتصاديات النقل | ||
| 653 | _aالنقل | ||
| 653 | _aالنقل البحري | ||
| 653 | _aالنقل البري | ||
| 942 | _cكتاب | ||
| 999 |
_c44397 _d44397 |
||